| 000 | 01712nab a2200289 a 4500 | ||
|---|---|---|---|
| 005 | 20250703063904.0 | ||
| 008 | 991125c2015 mx tr p o 000 0 spa d | ||
| 035 | _aUPN01000209634 | ||
| 040 |
_aMX-MxUPN _bspa _cMX-MxUPN _eaacr2 |
||
| 049 | _aART-E | ||
| 100 | 1 | _aMaccioni, Laura | |
| 100 | 1 | _umaccioni@hotmail.com | |
| 245 | 1 | 0 | _aLenguaje, juegos de habla y construcción de un orden democrático: debates en La Ciudad Futura y Punto de Vista durante el periodo de la transición |
| 506 | 0 | _aAcceso abierto | |
| 520 | 3 | _aSe examinan dos de las revistas culturales más importantes en el campo intelectual argentino durante los primeros años de la transición a la democracia en Argentina (1983-1989): Punto de Vista. Revista de Cultura y La Ciudad Futura. Revista de Cultura Socialista. Se analiza un conjunto de artículos en los que el uso de modelos y conceptos propios del pragmatismo linguístico y la teoría de la hegemonía gramsciana hacen posible una revisión crítica de ciertas categorías binarias fundamentales en el pensamiento de la izquierda (como las oposiciones orden/conflicto, verdad/sentido común, intelectuales/clases populares) y una reformulación de las relaciones entre lo político y lo cultural. | |
| 650 | 2 |
_aCultura política _98905 |
|
| 650 | 4 |
_aLenguaje _93841 |
|
| 650 | 4 |
_aJuego _913796 |
|
| 650 | 2 |
_aIntelectuales _926506 |
|
| 653 | 0 | _aRevistas científicas | |
| 653 | 0 | _aAnálisis cultural | |
| 773 |
_gVol. 12, no. 27 (2015), p. 97-121 _tAndamios : revista de investigación social _x2594-1917 |
||
| 856 | 4 | _uhttps://andamios.uacm.edu.mx/index.php/andamios/article/view/72 | |
| 902 | _aGloria Jiménez/020725 | ||
| 905 | _aArticulo | ||
| 942 | _cART-E | ||
| 999 |
_c181735 _d181735 |
||